000 00575pam a2200217 a 4500
001 934614
005 20180119041547.0
008 831014s1984 nyua 001 0 eng
010 _a 83022605
020 _a0060439270
020 _a0063504251 (Harper international ed.)
040 _aDLC
_cDLC
_dDLC
041 _aeng
080 _a643.7nas
082 0 0 _a643.7nas
_219
100 1 _a52
101 _aeko
245 1 0 _aEconomics /
_cRichard G. Lipsey, Peter O. Steiner, Douglas D. Purvis.
906 _a7
_bcbc
_corignew
_d1
_eocip
_f19
_gy-gencatlg
942 _2ddc
_cBK
999 _c40536
_d40536